Name All The FNAF Cupcake Characters - Statistics

General Stats
  • This quiz has been taken 14 times
  • The average score is 12 of 23
Answer Stats
Hint Answer % Correct
Classic Mr. Cupcake
75%
Nightmare Nightmare Cupcake
75%
Blacklight Blacklight Cupcake
63%
Chocolate Chocolate Cupcake
63%
Colorway Colorway Cupcake
63%
Funtime Funtime Cupcake
63%
Glamrock Glamrock Cupcake
63%
Glow Glow Cupcake
63%
Golden Golden Cupcake
63%
Jack-o-nightmare Jack-O-Lantern
63%
Shadow Shadow Cupcake
63%
Tie-Die Tie-Die Cupcake
63%
4th of July Skin Torch Cupcake
63%
Toy Toy Cupcake
63%
Arcade Skin 8-Bit Cupcake
50%
Sizzling Summer Skin Scorching Cupcake
50%
Scary Tales Skin Moldy Cupcake
38%
Birthday Cake
25%
Halloween Skin Calavera Cupcake
25%
Giant Cupcake
25%
Alternative Mr. Chicken
13%
Alternative Ms. Burger
13%
Alternative Ms. Shake
13%
No matching quizzes found
Score Distribution
Percent of People with Each Score
Percentile by Number Answered
Your Score History
You have not taken this quiz